000 00778nam a22002177a 4500
999 _c13101
_d13101
003 AR-CdUCM
008 190411b ||||| |||| 00| 0 spa d
040 _aMUNICIPALIDAD PROVINCIAL DEL CUSCO
_cBIBLIOTECA MUNICIPAL DEL CUSCO
082 _aES / 373.803 /
_bM86
100 _aMorán Bobadilla, Hugo
_931299
245 _aBitácora de un morboso y otros cuentos perversos :
_bUna historia puede ser la antorcha que ilumine la noche más oscura de tu vida... /
260 _aCusco :
_bGustavo Impresores,
_cn
300 _a172 paginas ;
_bIlustraciones, Graficos, Dibujos,
_c20 cm.
500 _aCuentos
505 _aContenido: Cuentos
650 _aCuentos
_9217
650 _aHistoria
_9136
650 _aLiteratura
_983
942 _2ddc
_cLIBROS
945 _apjha
_d2019-04-11